000
002660000a22000970004500
100
1
_a
Roldán, Alberto F.
245
1
0
_a
Jesucristo : Señor de la cultura
300
_a
Vol. 19, Num 1 y 2 (Enero-Junio, 2000), Páginas 63-66
773
0
_t
Iglesia y Misión
942
_c
ANA
999
_c
52441
_d
52441